Resource management (Record no. 3888)

MARC details
000 -LEADER
fixed length control field 00427nam a22001697a 4500
005 - DATE AND TIME OF LATEST TRANSACTION
control field 20180702154755.0
008 - FIXED-LENGTH DATA ELEMENTS--GENERAL INFORMATION
fixed length control field 160625b xxu||||| |||| 00| 0 eng d
020 ## - INTERNATIONAL STANDARD BOOK NUMBER
ISBN 81-259-0770-X
041 ## - LANGUAGE CODE
Language code of text/sound track or separate title eng
082 ## - DEWEY DECIMAL CLASSIFICATION NUMBER
Item number 9897
Classification number 658
100 ## - MAIN ENTRY--AUTHOR NAME
Personal name Nair, N.G.
245 ## - TITLE STATEMENT
Title Resource management
260 ## - PUBLICATION, DISTRIBUTION, ETC. (IMPRINT)
Place of publication New Delhi
Name of publisher Vikas Publishing House (P) Ltd.
Year of publication 2002
300 ## - PHYSICAL DESCRIPTION
Number of Pages 12.88
650 ## - SUBJECT ADDED ENTRY--TOPICAL TERM
Topical Term Mass Communication
942 ## - ADDED ENTRY ELEMENTS (KOHA)
Koha item type Books
Holdings
Lost status Damaged status Collection code Home library Current library Shelving location Date acquired Cost, normal purchase price Full call number Accession Number Koha item type
    MANAGEMENT JRU Library JRU Library SHELF-62 -D 25/06/2016 300.00 658 9897 Books
    MANAGEMENT JRU Library JRU Library SHELF-62 -E 25/06/2016 300.00 658 9898 Books
    MANAGEMENT JRU Library JRU Library SHELF-62 -E 25/06/2016 300.00 658 9899 Books
    MANAGEMENT JRU Library   SHELF-62 -E 25/06/2016 300.00 658 9900 Books
    MANAGEMENT JRU Library JRU Library SHELF-62 -E 25/06/2016 300.00 658 9901 Books